Trendy interného kontrolovania v podnikateľských subjektoch

Manažérska funkcia kontrolovania je v pohybe. Vo svojej histórii zostala neotrasená, a to napriek novým postupom, ktoré so sebou nesie hlavný zdroj informácií – účtovníctvo. Kontrolovanie naďalej patrí k jednej z najdôležitejších úloh riadenia. Rozoznávame dva hlavné prístupy - západný a východný.

Enregistré dans:
Détails bibliographiques
Auteur principal: Mišún, Juraj, 1978-
Format: Chapitre de livre
Langue:slovaque
Sujets:
Tags: Ajouter un tag
Pas de tags, Soyez le premier à ajouter un tag!

MARC

LEADER 00000nla a2200000 4500
001 0240225
005 20240502073911.6
041 0 |a slo 
044 |a SK 
245 1 0 |a Trendy interného kontrolovania v podnikateľských subjektoch  |c Juraj Mišún 
520 |a Manažérska funkcia kontrolovania je v pohybe. Vo svojej histórii zostala neotrasená, a to napriek novým postupom, ktoré so sebou nesie hlavný zdroj informácií – účtovníctvo. Kontrolovanie naďalej patrí k jednej z najdôležitejších úloh riadenia. Rozoznávame dva hlavné prístupy - západný a východný. 
610 2 0 |a kontrola 
610 2 0 |a podnik 
610 2 0 |a manažéri 
610 2 0 |a manažment 
610 2 0 |a kontrola čiastková 
610 2 0 |a kontrola komplexná 
610 2 0 |a kontrola priebežná 
610 2 0 |a riadenie podnikové 
610 2 0 |a účtovníctvo 
100 1 |a Mišún, Juraj, 1978-